000
00402nam a2200145Ia 4500
008
100122s9999 xx 000 0 und d
082
_b
2390
_a
822
100
_a
अत्रे के अ
245
_a
घराबाहेर
260
_b
प्रकाशक शोधणे
_c
1924
300
_a
60
630
_a
घराबाहेर
730
_a
घराबाहेर
942
_c
BOOK
999
_c
396780
_d
396777